[Event "FAI-ch Junior Gr C"]
[Site "Torshavn"]
[Date "2003.02.??"]
[Round "1"]
[White "Fossum, Atle Boyum"]
[Black "Thomsen, Heri"]
[Result "1-0"]
[WhiteElo "1465"]
[BlackElo "1045"]
[PlyCount "69"]
[EventDate "2003.02.??"]
[EventType "swiss"]
[EventRounds "6"]
[EventCountry "FAI"]
[SourceTitle "EXT 2024"]
[Source "ChessBase"]
[SourceDate "2023.10.10"]
[SourceVersion "1"]
[SourceVersionDate "2023.10.10"]
[SourceQuality "1"]

1. c4 e5 2. g3 Nf6 3. Bg2 Nc6 4. Nc3 d6 5. d3 Be7 6. Nf3 0-0 7. 0-0 Bg4 8. Rb1 Qd7 9. b4 Rfb8 10. b5 Nd8 11. a4 a6 12. Nd2 d5 13. Nxd5 Nxd5 14. Bxd5 axb5 15. axb5 c6 16. bxc6 bxc6 17. Rxb8 Rxb8 18. Bg2 Bg5 19. Nf3 Bf6 20. Qc2 Nb7 21. Be3 Nd6 22. Rb1 Re8 23. Rb6 Nf5 24. Bc5 Rc8 25. h3 Bxf3 26. Bxf3 Nd4 27. Bxd4 exd4 28. Bg4 Qc7 29. Qb3 Re8 30. Rb7 Qe5 31. Bd7 Rf8 32. Bxc6 Qxe2 33. Bd5 Qe1+ 34. Kg2 Qc3 35. Rxf7 1-0